| 000 | 00795cam a2200241 a 4500 | ||
|---|---|---|---|
| 001 | 000012116 | ||
| 003 | DO-SdBNP | ||
| 005 | 20250703120823.0 | ||
| 008 | 000831s1999 ve b 001 0 spa | ||
| 020 | _a9800748814 | ||
| 040 |
_aDO-SdBNP _cDLC _dBNPHU |
||
| 049 | _aBNGR | ||
| 082 | 4 |
_a379.987 _bB826e _222 |
|
| 100 | 1 |
_aBravo Jáuregui, Luis. _928633 |
|
| 245 | 1 | 3 |
_aLa escuela venezolana : _beducación de masas, políticas y resultados a partir de 1958 / _cLuis Bravo Jáuregui. |
| 260 |
_aCaracas, (Venezuela) : _bEpisteme, _c1999. |
||
| 300 |
_a95 p. ; _c23 cm. |
||
| 504 | _aIncluye referencias bibliográficas. | ||
| 650 | 4 |
_aEducación _zVenezuela _xHistoria _ySIGLO XX _928634 |
|
| 650 | 0 |
_aEducación y estado _951256 |
|
| 910 | _aCatalogación por copia / LC | ||
| 942 |
_2ddc _cLBS1 |
||
| 999 |
_c11781 _d11781 |
||